Ученые записки Отдела Китая. Вып. 26: Палладиум российского китаеведения: жизнь и труды архимандрита П. И. Кафарова (Запись № 11308060)

Подробности
000 -МАРКЕР
контрольное поле 02177nam2a2200385 4500
001 - ИДЕНТИФИКАТОР ЗАПИСИ
контрольное поле RU\NLR\PER_A\002883854_000330
005 - ИДЕНТИФИКАТОР ВЕРСИИ
контрольное поле 20260406025408.0
010 ## - МЕЖДУНАРОДНЫЙ СТАНДАРТНЫЙ НОМЕР КНИГИ (ISBN)
Номер (ISBN) 978-5-89282-760-7
Тираж 500
035 ## - ДРУГИЕ СИСТЕМНЫЕ НОМЕРА
Идентификатор записи (NLR Aleph) 011685117
100 ## - ДАННЫЕ ОБЩЕЙ ОБРАБОТКИ
Данные общей обработки 20180419d2017 |||y0rusy50 ca
101 0# - ЯЗЫК РЕСУРСА
Язык текста, звукозаписи и т.д. русский
102 ## - СТРАНА ПУБЛИКАЦИИ ИЛИ ПРОИЗВОДСТВА
Страна публикации Российская Федерация
200 1# - ЗАГЛАВИЕ И СВЕДЕНИЯ ОБ ОТВЕТСТВЕННОСТИ
Основное заглавие Палладиум российского китаеведения: жизнь и труды архимандрита П. И. Кафарова
Параллельное заглавие 巴拉第皕周年
Сведения, относящиеся к заглавию (к 200-летию со дня рождения)
Первые сведения об ответственности А. М. Куликов
Язык параллельного заглавия китайский
210 ## - ПУБЛИКАЦИЯ, РАСПРОСТРАНЕНИЕ И ДР.
Дата издания, распространения и т.д. 2017
Место издания, распространения и т.д. Б. м.
215 ## - ФИЗИЧЕСКАЯ ХАРАКТЕРИСТИКА
Специфическое обозначение материала и объем 289 с.
Другие сведения о физической характеристике ил., портр.
Размеры 22
320 ## - ПРИМЕЧАНИЯ О НАЛИЧИИ В ДОКУМЕНТЕ БИБЛИОГРАФИИ / УКАЗАТЕЛЯ
Текст примечания Библиогр. в подстроч. примеч.
320 ## - ПРИМЕЧАНИЯ О НАЛИЧИИ В ДОКУМЕНТЕ БИБЛИОГРАФИИ / УКАЗАТЕЛЯ
Текст примечания Библиогр.: с.241-289
461 #0 - УРОВЕНЬ НАБОРА
Встроенное поле 001RU\NLR\Per\633889
-- 2001#$aУченые записки Отдела Китая$fРос. акад. наук, Ин-т востоковедения$vВып. 26
Системный номер (АБИС) связанной записи 3302063
Автор Институт востоковедения (Москва). Отдел Китая
Место публикации Москва
Дата публикации 2009 -
Первые сведения об ответственности Рос. акад. наук, Ин-т востоковедения
Имя издателя, распространителя и т.д. Восточная литература
Заглавие Ученые записки Отдела Китая
ISSN 2227-3816
Номер тома Вып. 26
600 #0 - ИМЯ ЛИЦА КАК ПРЕДМЕТ
Начальный элемент ввода Палладий
Дополнения к именам, кроме дат Кафаров, Петр Иванович
-- архимандрит
Даты 1817 - 1878
Системный номер авторитетной/нормативной записи 2365014
Идентификатор авторитетной/нормативной записи RU\NLR\AUTH\6601634142
601 02 - НАИМЕНОВАНИЕ ОРГАНИЗАЦИИ КАК ПРЕДМЕТ
Начальный элемент ввода Русская духовная миссия в Китае
Системный номер авторитетной/нормативной записи 2437047
Идентификатор авторитетной/нормативной записи RU\NLR\AUTH\661450109
686 1# - ИНДЕКСЫ ДРУГИХ КЛАССИФИКАЦИЙ
Индекс Т1(2)51-8
686 2# - ИНДЕКСЫ ДРУГИХ КЛАССИФИКАЦИЙ
Индекс Э372.24-35-028
686 2# - ИНДЕКСЫ ДРУГИХ КЛАССИФИКАЦИЙ
Индекс Э372.24-683.78
700 #1 - ИМЯ ЛИЦА - ПЕРВИЧНАЯ ОТВЕТСТВЕННОСТЬ
Графика поля Кириллица
Материалы, к которым относится поле rus
Начальный элемент ввода Куликов
Часть имени, кроме начального элемента ввода А. М.
Дополнения к именам, кроме дат канд. ист. наук, филолог
Даты 1987-
Расширение инициалов личного имени Андрей Михайлович
Системный номер авторитетной/нормативной записи 173246
Идентификатор авторитетной/нормативной записи RU\NLR\AUTH\770173297
702 #0 - ИМЯ ЛИЦА - ВТОРИЧНАЯ ОТВЕТСТВЕННОСТЬ
Код отношения Прочие
Материалы, к которым относится поле rus
Графика поля Кириллица
Начальный элемент ввода Палладий
Дополнения к именам, кроме дат Кафаров, Петр Иванович
-- архимандрит
Даты 1817-1878
Идентификатор авторитетной/нормативной записи RU\NLR\AUTH\77127050
Системный номер авторитетной/нормативной записи 109974
852 ## - МЕСТОНАХОЖДЕНИЕ И ШИФР ХРАНЕНИЯ
Идентификатор организации NLR
Шифр хранения (Call Number) П22/8986
852 ## - МЕСТОНАХОЖДЕНИЕ И ШИФР ХРАНЕНИЯ
Идентификатор организации NLR
Наименование фонда или коллекции (Sub-Location Identifier) ОЛСАА-кит.
Шифр хранения (Call Number) 3-5154
942 ## - ДОПОЛНИТЕЛЬНЫЕ ЭЛЕМЕНТЫ ЗАПИСИ (АБИС)
Тип экземпляра АБИС Выпуск
980 ## - КОЛЛЕКЦИЯ
Название коллекции Национальная библиография
980 1# - КОЛЛЕКЦИЯ
Название коллекции
980 ## - КОЛЛЕКЦИЯ
Название коллекции Русская периодика

Нет доступных экземпляров.